| 000 | 00518nam a22001577a 4500 | ||
|---|---|---|---|
| 003 | macl | ||
| 005 | 20191019120413.0 | ||
| 008 | 191019b xxu||||| |||| 00| 0 eng d | ||
| 040 | _cmacl | ||
| 082 | _a800/BHA | ||
| 100 |
_aमिश्र ,भवानीप्रसाद _977009 |
||
| 245 | _aकुछ नीति कुछ राजनीति | ||
| 260 |
_aकोलकाता _bप्रतिश्रुति प्रकाशन _c2014 |
||
| 650 |
_aरचनावली _9163 |
||
| 942 |
_2ddc _cHIN |
||
| 999 |
_c61243 _d61243 |
||